000 00649nam a2200265Ia 4500
003 OSt
005 20221006144352.0
006 a|||||r|||| 00| 0
007 ta
008 221006b |||||||| |||| 00| 0 eng d
020 _c75.00
024 _a11,532
037 _cTextual
040 _aEASL
_cEASL
_beng
041 _2eng
_aeng
082 _aU8.41.N8, M6
100 _aJACOB T. M.
_9651839
245 0 _aMy China diary
260 _aNew Delhi
_bVikas Pub. India
_c1986
300 _a79p.
_ccm.
490 _v CEL
650 _aCEL
942 _hU8.41.N8, M6
_cTEXL
_2CC
999 _c1079618
_d1079618